Statistics for Countries in a Line - Managua to N’Djamena

Click here to take the quiz!

General Stats

  • This quiz has been taken 16 times
  • The average score is 9 of 14

Answer Stats

Country% Correct
Chad
100%
Niger
100%
Nigeria
100%
Burkina Faso
92%
Mali
92%
Nicaragua
85%
Cameroon
77%
Benin
69%
Guinea
69%
Guinea-Bissau
69%
Colombia
23%
Netherlands
23%
Venezuela
23%
Grenada
15%

Score Distribution

Percentile by Number Answered

Percent of People with Each Score

Your Score History

You have not taken this quiz